000 00457pab a2200157 454500
008 180718b1998 xxu||||| |||| 00| 0 eng d
100 _aSwers, Michele L.
245 _aAre women more likely to vote for women's issue bills than their male colleagues?
260 _c1998
300 _ap.435-48
362 _aAug
650 _aWomen in politics - United States
650 _aWomen in politics
773 _aLegislative Studies Quarterly
909 _a38307
999 _c38307
_d38307